| 000 | 00683nam a2200217 a 4500 | ||
|---|---|---|---|
| 005 | 20151109141551.0 | ||
| 008 | 140304b1993 ck ||||| |||| 00| 0 spa d | ||
| 040 |
_aCO-BoIAVH _cCO-BoIAVH |
||
| 041 | _aspa | ||
| 044 | _ack | ||
| 090 |
_aLB _b02080 |
||
| 110 |
_bUNIESA LTDA _915169 |
||
| 245 |
_aProcesamiento de venenos de serpientes _bestablecimiento de serpentarios, laboratorio para fraccionamiento de venenos de culebras |
||
| 260 |
_aBarranquilla _bUNIESA LTDA _c1993 |
||
| 300 | _a50 Paginas | ||
| 650 |
_aVenenosde serpiente _915170 |
||
| 650 |
_aMétodos de laboratorio _93515 |
||
| 650 |
_aEspecies Ofidios _941160 |
||
| 700 |
_aUNIESA LTDA _915169 |
||
| 942 |
_cINFORME _2z |
||
| 999 |
_c2256 _d2256 |
||